000
00204nam a22000857a 4500
008
170327b xxu||||| |||| 00| 0 eng d
100
_9
3046
_a
Purang.Y.P.
245
_a
Science-IX
260
_a
New Delhi
_b
APC
_c
2010
999
_c
6312
_d
6312